| 000 | 00601nam a2200205Ia 4500 | ||
|---|---|---|---|
| 005 | 20240413151905.0 | ||
| 008 | 131103s9999 xx 000 0 und d | ||
| 020 | _cRs.16.30 | ||
| 040 | _aLoreto College | ||
| 041 | _aEnglish | ||
| 082 |
_a370.1 _bSAL |
||
| 100 | _aGupta, R K | ||
| 245 |
_aTeacher and Education in the Emerging Indian Society _cR K Gupta & Others; Edited by Sunitee Dutta |
||
| 260 |
_aNew Delhi _bNational Council Of Educational Research and Reading _c1988 |
||
| 300 | _avii,162 p. | ||
| 650 | _aEducation | ||
| 700 | _aDutt,Sunitee,ed. | ||
| 850 | _aLCBED | ||
| 942 | _cBK | ||
| 999 |
_c26488 _d76967 |
||